اسلام اور تعمر شخصیت / (Record no. 171548)

MARC details
000 -LEADER
fixed length control field 00542nam a22001817a 4500
005 - DATE AND TIME OF LATEST TRANSACTION
control field 20200115122027.0
010 ## - LCCN (DPL NO)
LC control number B-98285
020 ## - INTERNATIONAL STANDARD BOOK NUMBER
Terms of availability 120.00
035 ## - SYSTEM CONTROL NUMBER
System control number B-98285
037 ## - SOURCE OF ACQUISITION
Source of stock number/acquisition BPPD/Pub.
082 ## - DEWEY DECIMAL CLASSIFICATION NUMBER
Classification number 270.41
100 ## - MAIN ENTRY--PERSONAL NAME
Personal name عبدول راشید
245 ## - TITLE STATEMENT
Title اسلام اور تعمر شخصیت /
Statement of responsibility, etc عبدول راشید
246 ## - VARYING FORM OF TITLE
Title proper/short title Islam Aur Tameer-E-Shakhsiyat (Urdu) /
Remainder of title by Abdul Rasheed
260 ## - PUBLICATION, DISTRIBUTION, ETC. (IMPRINT)
Place of publication, distribution, etc Delhi
Date of publication, distribution, etc ء2004
Name of publisher, distributor, etc Maktaba Al Hasnat
300 ## - PHYSICAL DESCRIPTION
Extent 302p.
Dimensions 20cm(Hb)
942 ## - ADDED ENTRY ELEMENTS (KOHA)
Source of classification or shelving scheme Dewey Decimal Classification
Item type Urdu Bks
Classification part 270.41
Call number suffix ع ب د
Holdings
Withdrawn status Lost status Not for loan Collection code Home library Current library Date acquired Source of acquisition Cost, normal purchase price Full call number Barcode Copy number Cost, replacement price Koha item type
      Non-fiction Central Library Central Library 15/01/2020 BPPD/Ven. 120.00 270.41 ع ب د B-98285 1 120.00 Urdu Bks

© Delhi Public Library
Hit Counter
free hit counter